000 00350nam a2200157Ia 4500
100 _aCunningham/D.R./ Stuller/ J.A.
490 _v27
942 _cBK
654 _acircuit Analysis
245 _aBasic circuit Analysis
260 _bJaico Pub
_aNew Delhi
_c1993
082 _a621.38132
_bPAN
300 _a881
546 _aENGLISH
999 _c33168
_d33168